| 000 | 01247cai a22002055a 4500 | ||
|---|---|---|---|
| 001 | ##L129231 | ||
| 008 | 050404c1978 xxkmr w ss 000 0 eng d | ||
| 035 | _a(Sirsi) u129231 | ||
| 041 | 0 | _aeng | |
| 110 | 2 |
_aBuilding Cost Information Service _91096 |
|
| 245 | 0 | 0 | _aABI/BCIS house rebuilding cost index |
| 260 |
_aLondon _bBCIS _c1978- |
||
| 520 | _aThe "ABI/BCIS house rebuilding cost index" for October 2007 is 228.6. The index is widely used for index linking the sum insured between annual revisions of domestic house insurance policies and for those revisions. BCIS recommends that the rebuilding cost is checked regularly (at least every five years), rather than relying on index linking over long periods. The current guidance tables are at January 2004 prices when the index stood at 184.0. Between January 2004 and March 2005 the index rose by 6.0%. The base of the index is September 1988 = 100. | ||
| 590 | _aKA | ||
| 650 | 2 | 4 | _aABI/BCIS HOUSE REBUILDING COST INDEX |
| 690 | _aBUILT ENVIRONMENT-BUILDING COSTS-REINSTATEMENT COSTS | ||
| 710 | 2 |
_aAssociation of British Insurers _93272 |
|
| 856 | 4 | 0 |
_uhttps://www.bcis.co.uk/RebuildingCosts/Index/rebuildingcosts.htm _zView the index free of charge at www.bcis.co.uk... |
| 942 | _n0 | ||
| 999 |
_c118794 _d118794 |
||